000 00294nam a22001337a 4500
008 180202b xxu||||| |||| 00| 0 eng d
020 _a9780312603199
041 _aeng
080 _a37
100 _a48
101 _aEDU
245 _aTHE WRITER ACDEMICA WRITER
_cLISA.E
942 _2udc
_cBK
999 _c41705
_d41705